La naturaleza de los griegos / (Registro nro. 109435)

Detalles MARC
000 -LEADER
fixed length control field 00734nam a22002177a 4500
005 - DATE AND TIME OF LATEST TRANSACTION
control field 20151124153702.0
008 - FIXED-LENGTH DATA ELEMENTS--GENERAL INFORMATION
fixed length control field 151124b sp||||| |||| 00| 0 spa d
020 ## - INTERNATIONAL STANDARD BOOK NUMBER
International Standard Book Number 8483105330
050 04 - LIBRARY OF CONGRESS CALL NUMBER
Classification number Q 175
Item number S37 2006
100 1# - MAIN ENTRY--PERSONAL NAME
Personal name Schrödinger, Erwin
245 13 - TITLE STATEMENT
Title La naturaleza de los griegos /
Statement of responsibility, etc Erwin Schrödinger,
250 ## - EDITION STATEMENT
Edition statement Segunda edición: 2006
260 ## - PUBLICATION, DISTRIBUTION, ETC. (IMPRINT)
Place of publication, distribution, etc Barcelona, España :
Name of publisher, distributor, etc Tusquets,
Date of publication, distribution, etc 2006.
300 ## - PHYSICAL DESCRIPTION
Extent 132 paginas,
Dimensions 20 X 13 centímetros,
440 ## - SERIES STATEMENT/ADDED ENTRY--TITLE
Title Metatemas
Volume number/sequential designation Número: 48
500 ## - GENERAL NOTE
General note Titulo original: Nature and the Greeks
504 ## - BIBLIOGRAPHY, ETC. NOTE
Bibliography, etc Incluye: Bibliografía
650 #7 - SUBJECT ADDED ENTRY--TOPICAL TERM
Source of heading or term Lemb
Topical term or geographic name as entry element Filosofía
General subdivision Ciencias
Geographic subdivision Gracia
700 1# - ADDED ENTRY--PERSONAL NAME
Personal name Schrödinger, Erwin
Relator term Traducción: Gómez Pin, Víctor
942 ## - ADDED ENTRY ELEMENTS (KOHA)
Source of classification or shelving scheme Biblioteca del Cogreso de los Estados Unidos
Koha item type Libro
Existencias
Estado de pérdida Fuente de clasificación Estado del daño No para préstamo Ubicación permanente Ubicación actual Apartado o colección Fecha de adquisición Área del conocimiento Total Checkouts Clasificación Código de Barras Date last seen Date checked out Número de copia Tipo de recurso Edición
  Biblioteca del Cogreso de los Estados Unidos     Biblioteca de la Facultad de Filosofía Biblioteca de la Facultad de Filosofía General 24/11/2015 Educación y Humanidades 1 Q 175 S37 2006 BFF000014255 23/06/2023 20/06/2023 C: 1 Libro  
  Biblioteca del Cogreso de los Estados Unidos     Biblioteca de la Unidad de Ciencias Ingeniería y Humanidades Biblioteca de la Unidad de Ciencias Ingeniería y Humanidades General 14/03/2018 Educación y Humanidades   B185 C66 1961 BCU000000824 14/03/2018   C:1 Libro 2015-06-04